Sơn Nam - Đất Gia Định xưa Bến Nghé xưa Người Sài Gòn

Wedi'i Gadw mewn:
Manylion Llyfryddiaeth
Prif Awdur: Sơn, Nam
Fformat: Llyfr
Cyhoeddwyd: TP. Hồ Chí Minh Trẻ 2018
Pynciau:
Tagiau: Ychwanegu Tag
Dim Tagiau, Byddwch y cyntaf i dagio'r cofnod hwn!
Thư viện lưu trữ: Trung tâm Học liệu Lê Vũ Hùng, Trường Đại học Đồng Tháp
LEADER 00779pam a22002298a 4500
001 00042756
005 20181018141007.0
008 161026s2015 ||||||Viesd
020 # # |a 978 604 1 12851 4  |c 118000 
041 0 # |a Vie 
082 1 4 |a 915.779  |b S464N 
100 0 # |a Sơn, Nam 
245 0 0 |a Sơn Nam - Đất Gia Định xưa Bến Nghé xưa Người Sài Gòn  |c Sơn Nam 
260 # # |a TP. Hồ Chí Minh  |b Trẻ  |c 2018 
300 # # |a 472 tr.  |c 20cm 
653 # # |a Gia định 
653 # # |a Thành phố Hồ Chí Minh 
653 # # |a Tiểu thuyết 
653 # # |a Đời sống xã hội và tạp quán 
852 # # |j KD.0024391 
910 |d 18/10/2018 
980 # # |a Trung tâm Học liệu Lê Vũ Hùng, Trường Đại học Đồng Tháp